1M+ cities of the world by letter - X - Statistics

General Stats
  • This quiz has been taken 684 times
    636 since last reset
  • The average score is 3 of 9
Answer Stats
Country Population City % Correct
China 13.70 mil Xi'an
99%
China 15.80 mil Xiamen
91%
China 3.22 mil Xuzhou
41%
China 2.72 mil Xinxiang
21%
China 2.30 mil Xining
20%
China 1.83 mil Xiangyang
15%
China 1.73 mil Xingtai
11%
China 1.24 mil Xinyang
11%
China 1.43 mil Xuchang
8%
No matching quizzes found
Score Distribution
Percent of People with Each Score
Percentile by Number Answered
Your Score History
You have not taken this quiz since the last reset